000 00668cab a2200229 4500
001 ABS53906
008 090401t1995 xxu||||| |||| 00| 0 eng d
035 _a(Sirsi) u7311
041 _aeng
100 _aStansfield, F.R.
245 _aEnabling property professionals to overcome the limitations of quantative research
260 _c1995
350 _a0
490 _aProperty Management
_v13(4) 1995, 36-43(8)
520 _aOutlines the various uses of statistics in property research.
650 _aPROPERTY REPORTS
650 _aPROPERTY RESEARCH
650 _aSTATISTICS
690 _aPROPERTY-COMMERCIAL PROPERTY
942 _n0
948 _c04/03/1997
999 _c4402
_d4402